| 000 | 01252nam a2200253Ia 4500 | ||
|---|---|---|---|
| 999 |
_c37578 _d37578 |
||
| 001 | 3549 | ||
| 003 | GE_BSU | ||
| 005 | 20190528144406.0 | ||
| 008 | 181216s1999|||| |||||||||||||| ||geo|| | ||
| 040 | _cGE_BSU | ||
| 041 | _ageo | ||
| 080 | _a51(075.8)+330 მ-15 | ||
| 245 |
_aმათემატიკა ეკონომისტებისათვის : სახელმძღვ. / _cდ. ნატროშვილი, ; ლ. გიორგაშვილ ; მ. უსანეთაშვილი ; გ. ჯაშიაშვილი ; რედ : დ. ნატროშვილი. |
||
| 250 | _aპირველი გამოცემა. | ||
| 264 |
_aთბილისი : _bგლობალ-პრინტი, _c1999. |
||
| 300 |
_a564 გვ .: _c25 სმ. |
||
| 653 | _aმათემატიკა ეკონომისტებისათვის | ||
| 700 |
_aნატროშვილი, დ _91708 |
||
| 700 |
_aგიორგაშვილი, ლ _91709 |
||
| 700 |
_aუსანეთაშვილი, მ. _91710 |
||
| 700 |
_aჯაშიაშვილი, გ _91711 |
||
| 700 |
_aნატროშვილი, დ _eრედაქტორი _91712 |
||
| 942 |
_cBK _2udc |
||